000
00289 a2200145 4500
001
163019
020
_a
040
_c
Magnum
100
_a
Pinto, Lazaro de Assis
240
1
0
_a
Curso de etica
_l
por
245
1
0
_a
Curso de etica
362
0
_a
1899
697
_a
FILOSOFIA
942
_c
BK
999
_c
163019
_d
163019